[Event "VIE-ch"]
[Site "Ha Tien"]
[Date "2023.09.16"]
[Round "7"]
[White "Huynh, Le Minh Hoang"]
[Black "Vo, Huynh Thien"]
[Result "1/2-1/2"]
[WhiteElo "1584"]
[BlackElo "1769"]
[PlyCount "138"]
[EventDate "2023.09.13"]
[EventType "swiss"]
[EventRounds "9"]
[EventCountry "VIE"]
[SourceTitle "EXT 2024"]
[Source "ChessBase"]
[SourceDate "2023.10.10"]
[SourceVersion "1"]
[SourceVersionDate "2023.10.10"]
[SourceQuality "1"]

1. e4 c5 2. Nf3 Nc6 3. Bb5 g6 4. 0-0 Bg7 5. Re1 e5 6. Bxc6 dxc6 7. d3 Qe7 8. Nbd2 Nf6 9. Nc4 Nd7 10. a4 b6 11. Bg5 f6 12. Be3 0-0 13. Nfd2 Rd8 14. f4 exf4 15. Bxf4 Ne5 16. Nxe5 fxe5 17. Bg3 Qg5 18. Nf3 Qh5 19. b3 Bg4 20. Rf1 Rf8 21. h3 Bd7 22. a5 b5 23. Bf2 c4 24. dxc4 Bxh3 25. Bc5 Bg4 26. cxb5 Rfd8 27. Qe2 cxb5 28. Qxb5 Bh6 29. Qc4+ Kg7 30. Nh2 Bf4 31. g3 Be2 32. Qe6 Bxf1 33. Rxf1 Qg5 34. Ng4 h5 35. gxf4 Qxg4+ 36. Qxg4 hxg4 37. fxe5 Re8 38. Bd6 Kh6 39. b4 Rac8 40. b5 Rxc2 41. Rb1 Rec8 42. b6 axb6 43. axb6 Rc1+ 44. Rxc1 Rxc1+ 45. Kg2 Rb1 46. e6 Kg7 47. Bc7 Kf6 48. Kg3 Rb4 49. Kxg4 Rxe4+ 50. Kf3 Rb4 51. e7 Kxe7 52. Kg3 Ke6 53. Kf3 Kf5 54. Kg3 g5 55. Kf3 Rb3+ 56. Kf2 Ke4 57. Bd8 g4 58. Bc7 Rf3+ 59. Kg2 Rb3 60. Kf2 Kf5 61. Kg2 Rb2+ 62. Kg3 Rb4 63. Kf2 Rb3 64. Kg2 Kg5 65. Bd8+ Kh5 66. Bc7 Kg6 67. Kf2 Kf5 68. Kg2 g3 69. Bxg3 Rxb6 1/2-1/2

[Event "Hanoi op"]
[Site "Hanoi"]
[Date "2022.08.29"]
[Round "9"]
[White "Vo, Huynh Thien"]
[Black "Nguyen, Nghia Gia Binh"]
[Result "1-0"]
[WhiteElo "1627"]
[BlackElo "1439"]
[PlyCount "93"]
[EventDate "2022.08.20"]
[EventType "swiss"]
[EventRounds "9"]
[EventCountry "VIE"]
[SourceTitle "CBM 209 Extra"]
[Source "ChessBase"]
[SourceDate "2022.09.30"]
[SourceVersion "1"]
[SourceVersionDate "2022.09.30"]
[SourceQuality "1"]

1. e4 c5 2. Nf3 Nc6 3. d3 d6 4. g3 g6 5. Bg2 Bg7 6. 0-0 Nf6 7. Re1 Nd7 8. c3 0-0 9. Na3 Rb8 10. Nc2 b5 11. a3 a5 12. Be3 Qc7 13. Qd2 Rd8 14. Bh6 Bh8 15. Ne3 Nb6 16. Bg5 Be6 17. h4 Ne5 18. Nxe5 dxe5 19. Qe2 Bg7 20. Nc2 c4 21. d4 Na4 22. d5 Bc8 23. Rab1 Nc5 24. h5 Rd6 25. Red1 Ba6 26. hxg6 Rxg6 27. Be3 Nb7 28. Ne1 Nd6 29. Bd2 Bf6 30. Qh5 Bc8 31. Bf3 Ne8 32. Nc2 Ng7 33. Qh2 Bg4 34. Bxg4 Rxg4 35. Kg2 h5 36. Ne3 Rxe4 37. f3 Rxe3 38. Bxe3 e4 39. fxe4 Qe5 40. Rd4 Qc7 41. Bf4 Qc8 42. e5 Nf5 43. exf6 Nxd4 44. cxd4 Qf5 45. Rd1 Qg4 46. Re1 Re8 47. Qh4 1-0

[Event "Hanoi op"]
[Site "Hanoi"]
[Date "2022.08.26"]
[Round "6"]
[White "Huynh, Le Minh Hoang"]
[Black "Vo, Huynh Thien"]
[Result "0-1"]
[WhiteElo "1326"]
[BlackElo "1627"]
[PlyCount "118"]
[EventDate "2022.08.20"]
[EventType "swiss"]
[EventRounds "9"]
[EventCountry "VIE"]
[SourceTitle "CBM 209 Extra"]
[Source "ChessBase"]
[SourceDate "2022.09.30"]
[SourceVersion "1"]
[SourceVersionDate "2022.09.30"]
[SourceQuality "1"]

1. e4 c5 2. Nf3 Nc6 3. Bb5 g6 4. 0-0 Bg7 5. Re1 e5 6. Bxc6 dxc6 7. d3 Qe7 8. Nbd2 Nf6 9. Nc4 Nh5 10. a4 0-0 11. Bd2 Bg4 12. h3 Be6 13. Nfxe5 Bxh3 14. Nxc6 bxc6 15. gxh3 Qd7 16. Qf3 Rae8 17. Rab1 Bd4 18. Bh6 Bg7 19. Be3 f5 20. Bxc5 fxe4 21. Qg4 Rf5 22. b4 Nf6 23. Qg2 Nd5 24. Rxe4 Rxe4 25. dxe4 Nf4 26. Qf3 Nxh3+ 27. Qxh3 Rg5+ 28. Kh2 Rh5 29. Qxh5 gxh5 30. Rg1 Kh8 31. Rg5 Qf7 32. Rxg7 Kxg7 33. Nd6 Qf4+ 34. Kh3 Qf3+ 35. Kh2 h4 36. Nf5+ Kf7 37. Nxh4 Qxe4 38. Ng2 a5 39. Ne3 axb4 40. Kg1 Qe5 41. Bxb4 Qa1+ 42. Kg2 Qxa4 43. Bd6 Qe4+ 44. Kh2 h5 45. Bg3 Kg6 46. Kg1 Qf3 47. Kh2 Kg5 48. Kg1 Kh6 49. Kh2 Kg6 50. Kg1 Kg5 51. c4 Qe2 52. Kg2 h4 53. Bh2 Kh5 54. Kg1 Kg5 55. Bd6 Qe1+ 56. Nf1 Kg4 57. Kg2 h3+ 58. Kg1 Kf3 59. Bg3 Ke2 0-1

[Event "VIE-ch U20"]
[Site "Ho Chi Minh City"]
[Date "2022.07.15"]
[Round "7"]
[White "Ngo, Duc Tri"]
[Black "Vo, Huynh Thien"]
[Result "1-0"]
[WhiteElo "2242"]
[BlackElo "2256"]
[PlyCount "79"]
[EventDate "2022.07.11"]
[EventType "swiss"]
[EventRounds "9"]
[EventCountry "VIE"]
[SourceTitle "EXT 2023"]
[Source "ChessBase"]
[SourceDate "2022.10.05"]
[SourceVersion "1"]
[SourceVersionDate "2022.10.05"]
[SourceQuality "1"]

1. c4 Nf6 2. Nc3 g6 3. e4 d6 4. d4 Bg7 5. Nf3 0-0 6. h3 c5 7. d5 Re8 8. Bd3 e6 9. 0-0 e5 10. a4 Nh5 11. Re1 Nf4 12. Bf1 Nd7 13. g3 Nh5 14. Bg2 Nf8 15. Bg5 Bf6 16. Be3 a5 17. Nb5 Kg7 18. Qd2 Qe7 19. g4 Nf4 20. Bxf4 exf4 21. Qxf4 Be5 22. Nxe5 dxe5 23. Qe3 Rd8 24. f4 b6 25. Qc3 Nd7 26. Rf1 Ba6 27. d6 Qe6 28. f5 Qf6 29. fxg6 Qxg6 30. Nc7 Qxd6 31. Nxa8 Rxa8 32. Rad1 Qe6 33. Rxd7 Qxd7 34. Qxe5+ Kg8 35. Qg5+ Kh8 36. Qf6+ Kg8 37. e5 Rd8 38. Bd5 Bxc4 39. Bxc4 Qd4+ 40. Rf2 1-0

[Event "VIE-ch U20"]
[Site "Ho Chi Minh City"]
[Date "2022.07.13"]
[Round "4"]
[White "Vo, Huynh Thien"]
[Black "Nguyen, Minh Chi Thien"]
[Result "1-0"]
[WhiteElo "2256"]
[BlackElo "2251"]
[PlyCount "59"]
[EventDate "2022.07.11"]
[EventType "swiss"]
[EventRounds "9"]
[EventCountry "VIE"]
[SourceTitle "EXT 2023"]
[Source "ChessBase"]
[SourceDate "2022.10.05"]
[SourceVersion "1"]
[SourceVersionDate "2022.10.05"]
[SourceQuality "1"]

1. Nf3 d5 2. g3 Nf6 3. Bg2 Bf5 4. 0-0 e6 5. d3 Nbd7 6. Nbd2 Be7 7. Re1 c6 8. e4 dxe4 9. dxe4 Bg6 10. Qe2 0-0 11. b3 Qc7 12. Bb2 e5 13. Nc4 Bxe4 14. Nfxe5 Bxg2 15. Nxd7 Qxd7 16. Kxg2 Rfe8 17. Rad1 Nd5 18. Qf3 f6 19. Ne3 Nxe3+ 20. Rxe3 Qc7 21. Rde1 Qd7 22. Rd1 Qc7 23. Qg4 Rad8 24. Rde1 Qd7 25. Qh5 b6 26. Re4 c5 27. Kg1 g6 28. Qe2 Kf7 29. Re6 f5 30. Qe5 1-0

[Event "VIE-ch U20"]
[Site "Hanoi"]
[Date "2022.06.15"]
[Round "7"]
[White "Vo, Huynh Thien"]
[Black "Bui, Duc Huy"]
[Result "0-1"]
[WhiteElo "2257"]
[BlackElo "2271"]
[PlyCount "52"]
[EventDate "2022.06.11"]
[EventType "swiss"]
[EventRounds "9"]
[EventCountry "VIE"]
[SourceTitle "EXT 2023"]
[Source "ChessBase"]
[SourceDate "2022.10.05"]
[SourceVersion "1"]
[SourceVersionDate "2022.10.05"]
[SourceQuality "1"]

1. e4 c5 2. Nf3 Nf6 3. d3 d5 4. Nbd2 Nc6 5. g3 e5 6. Bg2 Be7 7. 0-0 0-0 8. Ne1 dxe4 9. Nxe4 Nxe4 10. Bxe4 Qc7 11. Ng2 Rd8 12. Ne3 Be6 13. c4 Nd4 14. Nd5 Qd7 15. Qh5 f5 16. Nxe7+ Qxe7 17. Bg5 Qe8 18. Qxe8+ Rxe8 19. Bg2 Rab8 20. Rae1 f4 21. Rxe5 f3 22. Rxc5 fxg2 23. Kxg2 Bg4 24. Be3 Bf3+ 25. Kh3 Rbd8 26. Rc7 Ne6 0-1

[Event "VIE-ch U20"]
[Site "Hanoi"]
[Date "2022.06.14"]
[Round "5"]
[White "Vo, Huynh Thien"]
[Black "Nguyen, Anh Dung1111"]
[Result "1-0"]
[WhiteElo "2257"]
[BlackElo "2276"]
[PlyCount "83"]
[EventDate "2022.06.11"]
[EventType "swiss"]
[EventRounds "9"]
[EventCountry "VIE"]
[SourceTitle "EXT 2023"]
[Source "ChessBase"]
[SourceDate "2022.10.05"]
[SourceVersion "1"]
[SourceVersionDate "2022.10.05"]
[SourceQuality "1"]

1. e4 d5 2. e5 c5 3. Nf3 e6 4. g3 Qc7 5. Bg2 Nc6 6. Qe2 f6 7. exf6 gxf6 8. Nc3 Nge7 9. Nb5 Qd8 10. Nh4 a6 11. Qh5+ Kd7 12. Na3 Kc7 13. Qf7 f5 14. d3 Bd7 15. 0-0 Qe8 16. Qf6 Rg8 17. Bf4+ Kb6 18. Qc3 Nd4 19. Rae1 Bg7 20. Kh1 Rc8 21. Qd2 Qf7 22. c3 Ndc6 23. Bd6 e5 24. b4 cxb4 25. cxb4 e4 26. dxe4 fxe4 27. Bc5+ Kc7 28. b5 axb5 29. Nxb5+ Kb8 30. Bd6+ Ka8 31. Re3 b6 32. Ra3+ Kb7 33. Bf4 Qe6 34. Nd6+ Kc7 35. Nxc8+ Kxc8 36. f3 Na5 37. fxe4 dxe4 38. Rxa5 bxa5 39. Qxa5 Nd5 40. Rc1+ Kb7 41. Rb1+ Kc6 42. Qb5# 1-0

[Event "VIE-chT"]
[Site "Hanoi"]
[Date "2022.03.30"]
[Round "4.13"]
[White "Vo, Huynh Thien"]
[Black "Tran, Duc Tu"]
[Result "1-0"]
[WhiteElo "1627"]
[BlackElo "2052"]
[PlyCount "122"]
[EventDate "2022.03.28"]
[EventType "swiss"]
[EventRounds "9"]
[EventCountry "VIE"]
[SourceTitle "EXT 2023"]
[Source "ChessBase"]
[SourceDate "2022.10.05"]
[SourceVersion "1"]
[SourceVersionDate "2022.10.05"]
[SourceQuality "1"]

1. e4 e5 2. Nf3 Nc6 3. Bc4 Bc5 4. 0-0 Nf6 5. d3 d6 6. Bg5 h6 7. Bh4 g5 8. Bg3 Bg4 9. c3 Qd7 10. b4 Bb6 11. a4 a6 12. Nbd2 0-0 13. Qc2 Kg7 14. b5 axb5 15. Bxb5 Nh5 16. d4 Nxg3 17. hxg3 Qe7 18. Nc4 Bxf3 19. gxf3 Na5 20. Ne3 Qf6 21. Nf5+ Kg6 22. Kg2 Rh8 23. Rad1 Nc6 24. Bxc6 bxc6 25. g4 h5 26. Rh1 h4 27. Rh3 Ra5 28. Rdh1 Qd8 29. f4 f6 30. dxe5 fxe5 31. fxg5 Qxg5 32. Nxh4+ Kf7 33. Nf3 Qxg4+ 34. Rg3 Qc8 35. Qb3+ d5 36. Nxe5+ Ke6 37. Nxc6 Rxh1 38. Kxh1 Qh8+ 39. Kg2 Rc5 40. Nd4+ Kd7 41. exd5 Qe5 42. d6 Qe4+ 43. Nf3 Kxd6 44. Kg1 Rf5 45. Qb4+ Qxb4 46. cxb4 Rf4 47. a5 Ba7 48. Rg6+ Kd5 49. Ra6 Bb8 50. Ra8 Rxb4 51. a6 Ke4 52. Nd2+ Kd3 53. Nf1 c5 54. a7 Rg4+ 55. Kh1 Bxa7 56. Rxa7 Ke2 57. Ne3 Rg5 58. Ra2+ Kf3 59. Rc2 Rg7 60. Nf5 Ra7 61. Kh2 Ra4 1-0

[Event "VIE-chT"]
[Site "Ho Chi Minh City"]
[Date "2019.09.29"]
[Round "6.25"]
[White "Nguyen, Xuan Vinh"]
[Black "Vo, Huynh Thien"]
[Result "0-1"]
[WhiteElo "1891"]
[BlackElo "1627"]
[PlyCount "51"]
[EventDate "2019.09.26"]
[EventType "team-swiss"]
[EventRounds "9"]
[EventCountry "VIE"]
[SourceTitle "EXT 2020"]
[Source "ChessBase"]
[SourceDate "2019.10.17"]
[SourceVersion "1"]
[SourceVersionDate "2019.10.17"]
[SourceQuality "1"]

1. d4 Nf6 2. Nf3 g6 3. Bg5 Bg7 4. Nbd2 d6 5. e4 0-0 6. c3 h6 7. Bh4 Nbd7 8. Bc4 e5 9. 0-0 c6 10. Bb3 Qc7 11. a4 Re8 12. Re1 Nf8 13. dxe5 dxe5 14. Bc4 Be6 15. Qb3 N8d7 16. Rad1 Nh5 17. Nf1 Nf4 18. Bg3 Nc5 19. Qb4 Bf8 20. Bxf4 Nd3 21. Bxe5 Nxe5 22. Qb3 Bxc4 23. Qc2 Nxf3+ 24. gxf3 Bxf1 25. Rxf1 Bd6 26. h3 0-1

[Event "VIE-chT"]
[Site "Ho Chi Minh City"]
[Date "2017.07.28"]
[Round "7.36"]
[White "Vo, Kim Cang"]
[Black "Vo, Huynh Thien"]
[Result "1-0"]
[WhiteElo "2030"]
[BlackElo "1996"]
[PlyCount "119"]
[EventDate "2017.07.24"]
[EventType "team-swiss"]
[EventRounds "9"]
[EventCountry "VIE"]
[SourceTitle "EXT 2019"]
[Source "ChessBase"]
[SourceDate "2018.10.10"]
[SourceVersion "1"]
[SourceVersionDate "2018.10.10"]
[SourceQuality "1"]

1. d4 Nf6 2. c4 e5 3. e3 exd4 4. exd4 Bb4+ 5. Bd2 Bxd2+ 6. Nxd2 0-0 7. Bd3 d5 8. Ne2 Nc6 9. c5 Bg4 10. f3 Bh5 11. Qb3 Qe7 12. 0-0-0 a5 13. Nf1 a4 14. Qc3 Bg6 15. Nf4 Bxd3 16. Nxd3 b5 17. Re1 Qd7 18. g4 b4 19. Nxb4 Nxb4 20. Qxb4 Rfb8 21. Qc3 c6 22. Ng3 g6 23. Re3 Qc7 24. Rhe1 Qf4 25. Qd2 Kg7 26. R1e2 Rb7 27. Ra3 Qxd2+ 28. Rxd2 h5 29. h3 h4 30. Ne2 Nh7 31. Nf4 Rba7 32. Rdd3 Kf6 33. Ng2 Ng5 34. f4 Ne6 35. Kd2 Rb7 36. Kc3 Rab8 37. b3 axb3 38. Rxb3 g5 39. fxg5+ Kxg5 40. Rxb7 Rxb7 41. Rf3 Ng7 42. a4 Ra7 43. Rf2 f5 44. gxf5 Nxf5 45. Ra2 Ne7 46. a5 Nc8 47. a6 Rf7 48. Kb4 Kh5 49. Re2 Rc7 50. Re5+ Kg6 51. Nxh4+ Kf6 52. Nf5 Rh7 53. h4 Na7 54. Ka5 Nb5 55. Kb6 Nxd4 56. Nxd4 Kxe5 57. Nxc6+ Ke4 58. a7 Rxa7 59. Kxa7 d4 60. Nxd4 1-0

[Event "VIE-chT"]
[Site "Ho Chi Minh City"]
[Date "2017.07.24"]
[Round "1.50"]
[White "Nguyen, Hoang Dang Huy"]
[Black "Vo, Huynh Thien"]
[Result "1-0"]
[WhiteElo "1684"]
[BlackElo "1996"]
[PlyCount "119"]
[EventDate "2017.07.24"]
[EventType "team-swiss"]
[EventRounds "9"]
[EventCountry "VIE"]
[SourceTitle "EXT 2019"]
[Source "ChessBase"]
[SourceDate "2018.10.10"]
[SourceVersion "1"]
[SourceVersionDate "2018.10.10"]
[SourceQuality "1"]

1. d4 Nf6 2. Nf3 e6 3. c4 c5 4. d5 exd5 5. cxd5 d6 6. Nc3 g6 7. e4 Bg7 8. Be2 0-0 9. h3 Re8 10. Nd2 Nbd7 11. 0-0 a6 12. a4 Rb8 13. Qc2 Nf8 14. Re1 Qd7 15. a5 b5 16. axb6 Rxb6 17. Nc4 Rb4 18. Bf4 Nh5 19. Bh2 Be5 20. Nxe5 dxe5 21. Na2 Rb6 22. Qxc5 Rxb2 23. Bxh5 gxh5 24. Qc3 Qb5 25. Bxe5 Ng6 26. Qxb2 Nxe5 27. Qxb5 axb5 28. Nb4 Bd7 29. Ra7 Rd8 30. f4 Ng6 31. Nd3 f5 32. e5 Be8 33. d6 Bc6 34. g3 h4 35. Nb4 Be4 36. Kf2 hxg3+ 37. Kxg3 h5 38. h4 Kh8 39. Rxe4 fxe4 40. Nc6 Rg8 41. Kf2 Nxf4 42. Rf7 Nd3+ 43. Ke3 b4 44. d7 b3 45. d8Q Rxd8 46. Nxd8 b2 47. Rb7 Nxe5 48. Kxe4 Nc4 49. Kd4 Nd2 50. Rxb2 Nf3+ 51. Ke4 Nxh4 52. Rh2 Ng6 53. Rxh5+ Kg7 54. Ra5 Ne7 55. Ra6 Kf8 56. Ne6+ Kf7 57. Ng5+ Ke8 58. Ke5 Kd8 59. Ke6 Nc8 60. Rc6 1-0